Postmodernita a suverenita ako faktor zmien v medzinárodných vzťahoch

Moderný štát, postkoloniálny štát, postmoderný štát. Suverenita v postmodernom svete. Supranacionalita a zvrchovanosť členských štátov EÚ.

Salvato in:
Dettagli Bibliografici
Autore principale: Skalická, Monika
Natura: Capitolo di libro
Lingua:slovacco
Soggetti:
Tags: Aggiungi Tag
Nessun Tag, puoi essere il primo ad aggiungerne!!

MARC

LEADER 00000naa a2200000 4500
001 0162457
005 20231207093637.6
041 0 |a slo 
044 |a SK 
245 1 0 |a Postmodernita a suverenita ako faktor zmien v medzinárodných vzťahoch  |c Monika Skalická 
520 |a Moderný štát, postkoloniálny štát, postmoderný štát. Suverenita v postmodernom svete. Supranacionalita a zvrchovanosť členských štátov EÚ. 
610 2 0 |a štát 
610 2 0 |a suverenita štátna 
610 2 0 |a zvrchovanosť 
610 2 0 |a postmodernizmus 
610 2 0 |a vzťahy medzinárodné 
100 1 |a Skalická, Monika